| 000 | 00717nam a22002057a 4500 | ||
|---|---|---|---|
| 003 | NUST - PNEC | ||
| 005 | 20170116181201.0 | ||
| 008 | 160217b xxu||||| |||| 00| 0 eng d | ||
| 020 | _a9789332550414 | ||
| 040 | _cLIBRARY | ||
| 082 | _a519.2024 JOH | ||
| 100 |
_916463 _aJohnson, Richard A. |
||
| 245 |
_aProbability and statistics for engineers _cRichard A. Johnson |
||
| 250 | _aEighth Edition | ||
| 260 |
_aSouth Asia _bPearson Education _cc.2015 |
||
| 300 | _a524 p. : | ||
| 650 |
_916476 _aProbability and Statistics _xMIS |
||
| 856 | _uhttp://www.amazon.com/Miller-Freunds-Statistics-Eng-Johnson/dp/9332550417/ref=sr_1_1?s=books&ie=UTF8&qid=1455692994&sr=1-1&keywords=9789332550414 | ||
| 942 |
_2ddc _cBK |
||
| 999 |
_c71494 _d71494 |
||